| 000 | 00628nam a2200217Ia 4500 | ||
|---|---|---|---|
| 005 | 20250508165924.0 | ||
| 008 | 008 250505s9999 xx 000 0 eng d | ||
| 037 | _aTextual | ||
| 040 |
_aFEDL _beng _cFEDL |
||
| 041 |
_aeng _2eng |
||
| 084 |
_a612.82, THO _qFEDL |
||
| 100 | _aThompson Richard F | ||
| 245 | 0 | _aBrain: A neuroscience primer | |
| 250 | _a2 | ||
| 260 |
_aNew York, USA _bW H Freeman and Company _c1993 |
||
| 300 | _a475p. | ||
| 365 |
_aUSD _b22.95 |
||
| 546 | _aGifted by HOD Namita Ranganathan in memory of Prof. Arvind Gaysu | ||
| 942 |
_cTEXL _h612.82, THO |
||
| 999 |
_c1398208 _d1398208 |
||